Algebra

Saved in:
Bibliografiske detaljer
Hovedforfatter: Baldor, Aurelio (Author)
Format: Bog
Sprog:spansk
Udgivet: Ciudad de México Grupo Editorial Patria 2007
Udgivelse:2a. ed
Fag:
Tags: Tilføj Tag
Ingen Tags, Vær først til at tagge denne postø!

MARC

LEADER 00000cam a2200000 a 4500
001 UCF0384
003 CL-VaPUC
008 120517e20070000MX |||||||||||||||||spa|d
020 |a 9789708170000 
082 0 4 |a 512  |b BAL  |2 21 
100 0 |a Baldor, Aurelio  |e author  |9 562159 
245 1 0 |a Algebra 
250 |a 2a. ed 
300 |a 576 p 
942 |c BK 
945 |d 20120517 00:00:00  |a cmena 
260 |a Ciudad de México  |b Grupo Editorial Patria  |c 2007 
500 |a Incluye Cd interactivo con ejemplos paso a paso, ejercicios, herramientas y autoevaluaciones 
650 0 |a Álgebra  |9 259567 
650 0 |a Funciones (Matemáticas)  |9 338128 
650 0 |a Ecuaciones  |9 260137 
583 |a last modification  |c 20121105 12:18:59  |k Rodrigo Vera 
999 |c 347716  |d 347714 
952 |0 0  |1 0  |4 0  |6 512_000000000000000_BAL_2007  |7 0  |8 A  |9 449233  |a BIBMEC  |b BIBMEC  |d 2019-11-22  |i 4869532  |o 512 BAL 2007  |p 4869532  |r 2019-11-22  |w 2019-11-22  |y BK  |k MEC 
952 |0 0  |1 0  |2 ddc  |3 erd  |4 0  |6 512_000000000000000_BAL_2007  |7 0  |8 A  |9 449234  |a BIBGIM  |b BIBGIM  |i 5081939  |l 2  |o 512 BAL 2007  |p 5081939  |r 2025-01-15  |s 2024-04-24  |w 2019-11-22  |y BK  |z Catalogado en:20140605  |k COM 
952 |0 0  |1 0  |3 erd  |4 0  |6 512_000000000000000_BAL_2007  |7 0  |8 A  |9 449235  |a BIBGIM  |b BIBGIM  |i 5081920  |l 2  |m 1  |o 512 BAL 2007  |p 5081920  |r 2025-01-15  |s 2023-09-27  |w 2019-11-22  |y BK  |z Catalogado en:20140605  |k COM 
952 |0 0  |1 0  |3 erd  |4 0  |6 512_000000000000000_BAL_2007  |7 0  |8 A  |9 449236  |a BIBGIM  |b BIBGIM  |i 5081912  |l 2  |o 512 BAL 2007  |p 5081912  |r 2025-01-15  |s 2024-05-22  |w 2019-11-22  |y BK  |z Catalogado en:20140605  |k COM 
952 |0 0  |1 0  |3 erd  |4 0  |6 512_000000000000000_BAL_2007  |7 0  |8 A  |9 449237  |a BIBGIM  |b BIBGIM  |i 5081904  |l 3  |o 512 BAL 2007  |p 5081904  |r 2025-01-15  |s 2023-10-12  |w 2019-11-22  |y BK  |z Catalogado en:20140605  |k COM 
952 |0 0  |1 0  |3 erd  |4 0  |6 512_000000000000000_BAL_2007  |7 0  |8 A  |9 449238  |a BIBGIM  |b BIBGIM  |i 5081890  |l 1  |o 512 BAL 2007  |p 5081890  |r 2025-01-15  |s 2023-03-14  |w 2019-11-22  |y BK  |z Catalogado en:20140605  |k COM